Structural Analysis of the Creative Industry: Current Study in Slovakia

Článok poskytuje komplexné empirické skúmanie sektorov kreatívneho priemyslu na Slovensku. Štúdia mapuje veľkosť, štrukturálne zloženie sektora a regionálne rozloženie. Osobitná pozornosť sa venuje identifikácii kľúčových podsektorov a posúdeniu priestorovej koncentrácie kreatívnych aktivít v región...

Ausführliche Beschreibung

Gespeichert in:
Bibliographische Detailangaben
1. Verfasser: Drugda, Kristián, 1998-
Format: Buchkapitel
Sprache:Englisch
Schlagworte:
Tags: Tag hinzufügen
Keine Tags, Fügen Sie das erste Tag hinzu!

MARC

LEADER 00000naa$a2200000$$$4500
001 0311704
005 20250729095133.4
041 0 |a eng 
044 |a SK 
245 1 0 |a Structural Analysis of the Creative Industry: Current Study in Slovakia  |c Kristián Drugda 
520 |a Článok poskytuje komplexné empirické skúmanie sektorov kreatívneho priemyslu na Slovensku. Štúdia mapuje veľkosť, štrukturálne zloženie sektora a regionálne rozloženie. Osobitná pozornosť sa venuje identifikácii kľúčových podsektorov a posúdeniu priestorovej koncentrácie kreatívnych aktivít v regiónoch SR. 
610 2 0 |a priemysel kreatívny 
610 2 0 |a priemysel kultúrny 
610 2 0 |a analýza štruktúrna 
610 2 0 |a rozvoj regionálny 
610 2 0 |a sektory hospodárske 
610 2 0 |a priestor 
100 1 |a Drugda, Kristián, 1998-